| 000 | 00000nam##2200000za#4500 |
| 001 | 9.600929 |
| 003 | CaOODSP |
| 005 | 20210624205825 |
| 007 | cr ||||||||||| |
| 008 | 150406|1992||||xxc|||||o f|0| 0 fre|d |
| 040 | |aCaOODSP|bfre |
| 043 | |an-cn--- |
| 086 | 1 |aNM95-57/8-4-1992F-PDF |
| 110 | 1 |aCanada.|bPatrimoine canadien. |bInstitut canadien de conservation. |
| 245 | 13|aLe soin des cuirs brut et semi-tanné |h[ressource électronique] |
| 260 | |aOttawa - Ontario : |bPatrimoine canadien. |cc1992. |
| 300 | |a3p. |
| 490 | 1 |aNotes de l'ICC |v8/4 |
| 500 | |aLe nº de catalogue (NM95-57/8-4-1992F) et l'ISSN (0714-6221) copiés dans cette édition électronique sont incorrects. |
| 504 | |aBibliographie. |
| 590 | |a11-20-Supp|b2011-09-29 |
| 775 | 08|tCare of rawhide and semi-tanned leather |w(CaOODSP)9.570164 |
| 776 | 0#|tLe soin des cuirs brut et semi-tanné |w(CaOODSP)9.622078 |
| 830 | #0|aNotes de l'ICC ;|v8/4|w(CaOODSP)9.502751 |
| 856 | 40|ahttp://publications.gc.ca|qPDF|s1.10 Mo|uhttps://publications.gc.ca/collections/collection_2011/pc-ch/NM95-57-8-4-1992-fra.pdf|y8/4 |